000 01039nam a2200265 a 4500
001 BRCA_3748
005 20190320204417.0
008 211009s2005----nyua---###---#000-0#eng-#
020 _a1892535165
041 _aeng
044 _anyu
050 4 _aTR395
_b.K73 2005
100 1 _aKraus, Hans P.
_cJr.
_99766
245 1 0 _aSun Pictures
_bCatalogue Fourteen : Roger Fenton : A Family Collection
_cHans P. Kraus ; text by Larry J. Schaaf ; introduction by Roger Taylor.
260 _aNew York
_bHans P. Kraus, Jr. Inc.
_cc2005
300 _a107 p.
_bil. (algunas a color)
_c28 cm.
500 _aCatálogo de la exposición realizada en la Galería Hans P. Kraus, Jr., Inc., 26 abril - 10 junio, 2005
504 _aIncluye referencias bibliográficas
600 1 4 _aFenton, Roger
_d1819-1869
_vCatálogos
_xBiografía
_99767
650 1 4 _aCalotipo
_vCatálogos
_99768
650 1 4 _aFotografía
_vCatálogos
_xHistoria
_zGran Bretaña
_99769
700 1 _aSchaaf, Larry J.
_d1947-
_99770
700 1 _aTaylor, Roger
_d1940-
_99771
942 _2lcc
_cB
999 _c3477
_d3477